| 000 | 00680nam a2200229 a 4500 | ||
|---|---|---|---|
| 008 | |||
| 049 | _aMAIN | ||
| 090 | _aQC171 | ||
| 100 | 1 | _aHumphreys, Richard F. | |
| 245 | 1 | 0 |
_aFirst principles of atomic physics, _cby Richard F. Humphreys and Robert Beringer. |
| 260 |
_aNew York: _bHarper, _c1950 |
||
| 300 |
_aix, 390 p.: _bill.; _c24 cm. |
||
| 504 | _aIncludes bibliographical references. | ||
| 650 | 0 | _aPhysics. | |
| 700 | 1 |
_aBeringer, Robert. _ejoint author. |
|
| 740 | 0 | 1 | _aAtomic physics. |
| 907 |
_a.b10012540 _b02-11-05 _c17-04-03 |
||
| 003 | |||
| 005 | 20230123133456.0 | ||
| 040 | _cNUST | ||
| 942 |
_cBOOKS _kQC171 |
||
| 999 |
_c149224 _d149224 |
||